Vista normal Vista MARC

Entrada Materia (título de una obra)

Número de registros utilizados en: 1

001 - CONTROL NUMBER

  • control field: 86709

003 - CONTROL NUMBER IDENTIFIER

  • control field: Co-BoUCM

005 - DATE AND TIME OF LATEST TRANSACTION

  • control field: 20170802101926.0

008 - FIXED-LENGTH DATA ELEMENTS

  • fixed length control field: 170802|| aca||aabn | a|a d

040 ## - CATALOGING SOURCE

  • Original cataloging agency: Co-BoUCM
  • Transcribing agency: Co-BoUCM

130 ## - HEADING--UNIFORM TITLE

  • Uniform title: Biblia A.T. Josue
  • General subdivision: Comentarios

670 ## - SOURCE DATA FOUND

  • Source citation: Work cat.: (Co-BoUCM)166181: In Iosue hostilibus redemitum trophaeis commentarii litterales, moralesque; Cum appendice de Rahab & Arca figurata, in quo Mariae laudes per eius festa digestae continentur , [fecha desconocida]